| 000 | 00747nam a2200193 a 4500 | ||
|---|---|---|---|
| 001 | 000039255 | ||
| 005 | 20240307073950.0 | ||
| 008 | 081126s1998 dr 000 0 spa d | ||
| 040 |
_aDO-SdBNP _bspa _cBNPHU |
||
| 082 |
_a342.729307 _bR426c |
||
| 110 | 1 |
_aRepública Dominicana. _b Junta Central Electoral _964605 |
|
| 245 | 1 | 0 |
_aCompilación de la legislación electoral de la República Dominicana, 1998 / _cpresentación Juan Sully Bonnelly Batlle. |
| 260 |
_aSanto Domingo : _bJunta Central Electoral, _c1998. |
||
| 300 |
_a87, 77 p. ; _c21 cm. |
||
| 590 | _aInventariado, 2018/VM | ||
| 650 | 4 |
_aElecciones _xLegislación _zRepública Dominicana _9412 |
|
| 700 | 1 | 2 |
_aBonnelly Batlle, Juan Sully _965458 |
| 910 | _aValidado. Control de calidad MFF | ||
| 999 |
_c38745 _d38745 |
||